Bibliografía de bibliografías sobre la literatura venezolana en las bibliotecas de Madrid, Paris y Londres / (Record no. 40529)

MARC details
000 -LEADER
campo de control de longitud fija 00559nam a2200169 i 4500
001 - NÚMERO DE CONTROL
campo de control 40529
003 - IDENTIFICADOR DE NÚMERO DE CONTROL
campo de control ES-MaACL
005 - FECHA Y HORA DE LA ÚLTIMA TRANSACCIÓN
campo de control 20230906160239.0
007 - CAMPO FIJO DE DESCRIPCIÓN FÍSICA--INFORMACIÓN GENERAL
campo de control de longitud fija t|
008 - DATOS DE LONGITUD FIJA--INFORMACIÓN GENERAL
campo de control de longitud fija 030306s1975 ve ||||1| spa d
100 1# - ENTRADA PRINCIPAL--NOMBRE DE PERSONA
Nombre de persona Cardozo, Lubio.
9 (RLIN) 35210
245 10 - MENCIÓN DEL TÍTULO
Título Bibliografía de bibliografías sobre la literatura venezolana en las bibliotecas de Madrid, Paris y Londres /
Mención de responsabilidad, etc. Lubio Cardozo.
260 ## - PUBLICACIÓN, DISTRIBUCIÓN, ETC.
Lugar de publicación, distribución, etc. [Maracaibo] :
Nombre del editor, distribuidor, etc. Universidad del Zulia,
Fecha de publicación, distribución, etc. [1975]
300 ## - DESCRIPCIÓN FÍSICA
Extensión 67 p. ;
Dimensiones 23 cm.
710 2# - ENTRADA AGREGADA--NOMBRE DE ENTIDAD CORPORATIVA
Nombre de entidad corporativa o nombre de jurisdicción como elemento de entrada Universidad del Zulia.
9 (RLIN) 7369
852 ## - LOCALIZACIÓN
Ubicación ES-MaACL
Número de control de estantería A-5632
Sublocalización o colección R.94563
Holdings
Estatus retirado Estado de pérdida Fuente del sistema de clasificación o colocación Estado de daño No para préstamo Colección Biblioteca de origen Biblioteca actual Ubicación en estantería Fecha de adquisición Total de préstamos Signatura topográfica completa Código de barras Visto por última vez Precio de reemplazo Tipo de ítem Koha
    Clasificación decimal universal     Biblioteca profesional Biblioteca del Ateneo de Madrid Biblioteca del Ateneo de Madrid Sala Pecera Planta 1 17/01/2008   A-5632 1042669 23/02/2023 23/02/2023 Libro impreso